| 000 | 00778nam a2200253 a 4500 | ||
|---|---|---|---|
| 001 | 1359 | ||
| 003 | BR-CuiBMT | ||
| 005 | 20231205220934.0 | ||
| 008 | 231205s2007 Rjba 000 0 por d | ||
| 020 | _a9788573037357 | ||
| 040 |
_aBR-CuiBMT _cBR-CuiBMT |
||
| 080 |
_a35 _22007 |
||
| 090 |
_a35 _bL732e |
||
| 100 | 1 | 0 | _aLima, Paulo Daniel Barreto. |
| 245 | 1 | 0 |
_aExcelência em gestão pública : _ba trajetória e a estratégia do gespública / _cPaulo Daniel Barreto Lima. |
| 260 |
_aRio de Janeiro : _bQualitymark , _c2007. |
||
| 300 |
_axviii, 227 p. : _bil ; _c23 cm |
||
| 490 | _aSérie gespública | ||
| 504 | _aInclui bibliografia. | ||
| 650 |
_aAdministração pública _zBrasil |
||
| 650 | _aGestão da qualidade total | ||
| 830 | _agespública | ||
| 942 |
_2udc _cLV |
||
| 999 |
_c1359 _d1359 |
||